000
00252nam a2200109Ia 4500
008
190919s9999||||xx |||||||||||||| ||und||
100
_a
Burger,Jerry
245
0
_a
Personality
260
_a
New Delhi
_b
McGraw Hill
_c
2000
300
_a
608
942
_c
BK
999
_c
10190
_d
10190